Adamo ed Eva in cerca del Paradiso (Record n. 336587)

Dettagli MARC
000 -LEADER
campo di controllo lung. fissa nam a22 7a 4500
003 - Identificatore del numero di controllo
campo di controllo IT-MiCISF
005 - Data e orario dell'ultima transazione
campo di controllo 20170406164542.0
008 - Elementi di lunghezza fissa--Informazione generale
campo di controllo lung. fissa 170406b xxu||||| |||| 00| 0 eng d
040 ## - Fonte della catalogazione
Agenzia che fa la trascrizione IT-MiCISF
041 ## - Codice di lingua
Codice di lingua del testo/traccia sonora o titolo separato it
100 ## - Accesso principale -- nome di persona
Nome di persona De Francisco José Angel
9 (RLIN) 56359
245 ## - Formulazione del titolo
Titolo Adamo ed Eva in cerca del Paradiso
Complemento del titolo Come raggiungerlo attraverso il perdono
260 ## - Pubblicazione, distribuzione, ecc. (stampa)
Luogo di pubblicazione, distribuzione, ecc. Cantalupa (TO)
Nome dell'editore, distributore, ecc. Effatà
Data di pubblicazione, distribuzione, ecc. 2016
300 ## - Descrizione fisica
Estensione pp. 80
500 ## - Nota generale
Nota generale terapia-di-coppia, tecniche-terapeutiche, case-studies
520 ## - Riassunto, ecc.
Nota di riassunto, ecc. Le coppie si separano perché non hanno saldato i propri conti emozionali. All’offesa segue la vendetta, la comunicazione si blocca e i due entrano in una dinamica in cui assumono i ruoli di vittima e aggressore, in un circolo vizioso che li porta alla rottura. Il metodo presentato dagli autori di questo libro indica una via per rompere tale dinamica negativa e avvicinare le coppie al perdono, offrendo un modo peculiare di approcciarsi ai torti e introducendo una serie di principi e concetti che man mano mettono i coniugi di fronte al conflitto con uno sguardo nuovo. L’obiettivo è quello di indirizzarli verso una buona comprensione, stimolando la necessità di perdonarsi e di ricominciare con una formula nuova la loro vita coniugale.
650 ## - Accesso aggiunto di soggetto--termine topico
Termine topico o nome geografico come accesso terapia
9 (RLIN) 56160
654 ## - Accesso aggiunto di soggetto--termini topici faccettati
Termine principale saggio
700 ## - Accesso aggiunto--nome di persona
Nome di persona Canet M.D.
9 (RLIN) 56360
942 ## - Dati aggiuntivi (Koha)
Fonte della classificazione o dello schema di collocazione (segnatura) Dewey Decimal Classification
Tipo copia default (Koha) LIBRO
Dati di copia
Ritirato (status) Perso (status) Fonte della classificazione o dello schema di collocazione (segnatura) Danneggiato (status) Non per il presito Biblioteca proprietaria Biblioteca in cui si trova Data d'acquisizione Totale prestiti Collocazione Codice a barre Data ultima operazione Prezzo in vigore dal Tipo copia default (Koha)
    Dewey Decimal Classification Buone Condizioni Not For Loan CISF - Milano CISF - Milano 06/04/2017   a2208 9788869291814 06/04/2017 06/04/2017 LIBRO
CREDITS: SOCIETA' SAN PAOLO Via A.Severo, 58 - ROMA (RM) & PERIODICI SAN PAOLO SRL Via Giotto, 36 MILANO & CISF Via Giotto, 36 MILANO & EDIZIONI SAN PAOLO SRL,  Piazza Soncino, 5 CINISELLO BALSAMO (MI) -- ITALY